| 000 | 00676cam a22002054a 4500 | ||
|---|---|---|---|
| 020 | _a0764526278 (pbk.) | ||
| 040 | _cStDuBDS | ||
| 082 | 0 | 0 | _a005 WIL 2003 A007 Or. |
| 100 | 1 | _aSteinberg, Gene. | |
| 245 | 1 | 0 | _aMoving to Mac OS X painlessly / |
| 260 |
_aNew York : _bWiley, _c2003. |
||
| 300 |
_axvi, 234 p. : _bill. ; _c24 cm. |
||
| 500 | _aIncludes index. | ||
| 650 | 0 | _aOperating systems (Computers) | |
| 650 | 0 | _aMacintosh (Computer) | |
| 856 | 4 | 2 | _uhttp://www.loc.gov/catdir/bios/wiley046/2003100998.html |
| 856 | 4 | 2 | _uhttp://www.loc.gov/catdir/description/wiley039/2003100998.html |
| 856 | 4 | 1 | _uhttp://www.loc.gov/catdir/toc/wiley032/2003100998.html |
| 942 | _cEK | ||
| 999 |
_c12514 _d12514 |
||